Záložné právo na majetok dlžníka

Zriadenie záložného práva v bankách na majetok dlžníka v súvislosti s poskytovaním úveru. Realizácia záložného práva v praxi. Uskutočňovanie zdaniteľného plnenia z pohľadu DPH pri realizácii záložného práva. Daňovníci dane z prevodu a prechodu nehnuteľností pri realizácii záložného práva. Viac zálož...

Description complète

Enregistré dans:
Détails bibliographiques
Auteur principal: Molnárová, Mária
Format: Chapitre de livre
Langue:slovaque
Sujets:
Tags: Ajouter un tag
Pas de tags, Soyez le premier à ajouter un tag!

MARC

LEADER 00000naa a2200000 4500
001 r033706
005 20230926073109.8
041 0 |a slo 
044 |a SK 
245 1 0 |a Záložné právo na majetok dlžníka  |c Mária Molnárová 
520 |a Zriadenie záložného práva v bankách na majetok dlžníka v súvislosti s poskytovaním úveru. Realizácia záložného práva v praxi. Uskutočňovanie zdaniteľného plnenia z pohľadu DPH pri realizácii záložného práva. Daňovníci dane z prevodu a prechodu nehnuteľností pri realizácii záložného práva. Viac záložných práv na založených veciach. 
610 2 0 |a právo záložné 
610 2 0 |a majetok 
610 2 0 |a dlžníci 
610 2 0 |a normy právne 
610 2 0 |a daňovníci 
610 2 0 |a veritelia 
610 2 0 |a doklady daňové 
610 2 0 |a aukcie 
610 2 0 |a nehnuteľnosti 
610 2 0 |a kúpa 
610 2 0 |a odpisy daňové 
100 1 |a Molnárová, Mária